<?xml version="1.0" encoding="UTF-8"?>
<record
    xmlns:xsi="http://www.w3.org/2001/XMLSchema-instance"
    xsi:schemaLocation="http://www.loc.gov/MARC21/slim http://www.loc.gov/standards/marcxml/schema/MARC21slim.xsd"
    xmlns="http://www.loc.gov/MARC21/slim">

  <leader>00868naa a22001697i 4500</leader>
  <controlfield tag="001">9331</controlfield>
  <controlfield tag="003">KOSZ 005</controlfield>
  <controlfield tag="005">20180426133724.0</controlfield>
  <controlfield tag="008">180324s2000    pl  ||||| ||||1|| 0 pol d</controlfield>
  <datafield tag="040" ind1=" " ind2=" ">
    <subfield code="c">KOSZ 005/HR</subfield>
    <subfield code="a">KOSZ 005/HR</subfield>
  </datafield>
  <datafield tag="041" ind1="0" ind2=" ">
    <subfield code="a">pol</subfield>
  </datafield>
  <datafield tag="100" ind1="1" ind2=" ">
    <subfield code="a">ZAWADZKA, Danuta.</subfield>
    <subfield code="d">1999-2006.</subfield>
    <subfield code="b">Politechnika Koszali&#x144;ska - Wydzia&#x142; Ekonomii i Zarz&#x105;dzania,</subfield>
    <subfield code="c">Katedra Rachunkowo&#x15B;ci i Finans&#xF3;w, Zak&#x142;ad Finans&#xF3;w</subfield>
  </datafield>
  <datafield tag="245" ind1="1" ind2="0">
    <subfield code="a">Ewaluacja ryzyka emisji kr&#xF3;tkoterminowych papier&#xF3;w d&#x142;u&#x17C;nych /</subfield>
    <subfield code="c">Danuta Zawadzka.</subfield>
  </datafield>
  <datafield tag="655" ind1=" " ind2="0">
    <subfield code="a">Materia&#x142;y konferencyjne.</subfield>
  </datafield>
  <datafield tag="773" ind1="0" ind2=" ">
    <subfield code="i">W : </subfield>
    <subfield code="t">Rynek kapita&#x142;owy : skuteczne inwestowanie : konferencja naukowa, Mi&#x119;dzyzdroje 21-23 wrze&#x15B;nia 2000 r. Cz. 2 / red. naukowy Waldemar Tarczy&#x144;ski. -</subfield>
    <subfield code="d">Szczecin : Wydaw. Naukowe US, 2000. -</subfield>
    <subfield code="g">s. 667-678</subfield>
    <subfield code="k">Materia&#x142;y, Konferencje - Uniwersytet Szczeci&#x144;ski ; nr 53</subfield>
    <subfield code="x">1232-5848</subfield>
  </datafield>
  <datafield tag="942" ind1=" " ind2=" ">
    <subfield code="c">ROZ</subfield>
    <subfield code="2">UKD</subfield>
  </datafield>
  <datafield tag="999" ind1=" " ind2=" ">
    <subfield code="c">9331</subfield>
    <subfield code="d">9331</subfield>
  </datafield>
</record>
